Mezinárodní obchod jako past chudoby proč nestačí odstraňovat tržní překážky
Hospodársky rozvoj v štátoch juhovýchodnej Ázie a Číny. Všeobecná vlastnosť medzinárodného obchodu. Dvojznačné dopady ázijského zázraku. Stratégie zapojenia sa do svetového obchodu. Neoliberálny prístup k najchudobnejším štátom ako prekážka rozvoja.
Salvato in:
| Autore principale: | |
|---|---|
| Natura: | Capitolo di libro |
| Lingua: | ceco |
| Soggetti: | |
| Tags: |
Nessun Tag, puoi essere il primo ad aggiungerne!!
|
MARC
| LEADER | 00000naa$a2200000$$$4500 | ||
|---|---|---|---|
| 001 | 0054060 | ||
| 005 | 20231016092927.1 | ||
| 041 | 0 | |a cze | |
| 044 | |a CZ | ||
| 245 | 1 | 0 | |a Mezinárodní obchod jako past chudoby |b proč nestačí odstraňovat tržní překážky |c Ondřej Horký |
| 520 | |a Hospodársky rozvoj v štátoch juhovýchodnej Ázie a Číny. Všeobecná vlastnosť medzinárodného obchodu. Dvojznačné dopady ázijského zázraku. Stratégie zapojenia sa do svetového obchodu. Neoliberálny prístup k najchudobnejším štátom ako prekážka rozvoja. | ||
| 610 | 2 | 0 | |a Svetová obchodná organizácia |
| 610 | 2 | 0 | |a Ázia |
| 610 | 2 | 0 | |a krajiny rozvojové |
| 610 | 2 | 0 | |a chudoba |
| 610 | 2 | 0 | |a obchod svetový |
| 610 | 2 | 0 | |a stratégia obchodná |
| 610 | 2 | 0 | |a neoliberalizmus |
| 100 | 1 | |a Horký, Ondřej | |